[Event "23rd ETCC Women 2021"]
[Site "Catez"]
[Date "2021.11.19"]
[Round "7.1"]
[White "Mammadzada, Gunay"]
[Black "Goryachkina, Aleksandra"]
[Result "1/2-1/2"]
[WhiteElo "2459"]
[BlackElo "2604"]
[Annotator "RC"]
[PlyCount "88"]
[EventDate "2021.11.08"]
[EventType "team-tourn"]
[EventCountry "SLO"]
[SourceTitle "playchess.com"]
[Source "ChessBase"]
[SourceQuality "1"]
[WhiteTeam "Azerbaijan"]
[BlackTeam "Russia"]
[WhiteTeamCountry "AZE"]
[BlackTeamCountry "RUS"]
[TimeControl "40/5400+30:1800+30"]

1. e4 {[%emt 0:00:10]} e6 {[%emt 0:00:23]} 2. d4 {[%emt 0:00:19]} d5 {[%emt 0:
00:07]} 3. Nd2 {[%emt 0:00:17]} c5 {[%emt 0:00:33]} 4. Ngf3 {[%emt 0:03:28]}
cxd4 {[%emt 0:00:23]} 5. exd5 {[%emt 0:08:40]} Qxd5 {[%emt 0:00:16]} 6. Bc4 {
[%emt 0:00:05]} Qd6 {[%emt 0:00:37]} 7. O-O {[%emt 0:00:08]} Nf6 {[%emt 0:00:
53]} 8. Nb3 {[%emt 0:00:15]} Nc6 {[%emt 0:00:43]} 9. Nbxd4 {[%emt 0:00:10]}
Nxd4 {[%emt 0:01:02]} 10. Nxd4 {[%emt 0:00:05]} Be7 {[%emt 0:00:44]} 11. c3 {
[%emt 0:07:23]} O-O {[%emt 0:00:42]} 12. Qf3 {[%emt 0:02:52]} Qc7 {[%emt 0:00:
42]} 13. Bb3 {[%emt 0:07:03]} a5 {[%emt 0:00:30]} 14. a4 {[%emt 0:04:33]} Bd7 {
[%emt 0:00:32]} 15. Re1 {[%emt 0:12:22]} Qb6 {[%emt 0:00:44]} 16. Bf4 {[%emt 0:
02:15]} Rac8 {[%emt 0:14:16]} 17. Be5 {[%emt 0:08:37]} Rfd8 {[%emt 0:03:13]}
18. Qh3 {[%emt 0:05:05]} Ne8 {[%emt 0:18:46]} 19. Re3 {[%emt 0:10:03]} Bf6 {
[%emt 0:02:25]} 20. f4 {[%emt 0:06:11]} Bc6 {[%emt 0:05:52]} 21. Rf1 {[%emt 0:
07:45]} h6 {[%emt 0:07:28]} 22. f5 {[%emt 0:07:17]} Bd5 {[%emt 0:07:54]} 23.
fxe6 {[%emt 0:00:33]} Bxb3 {[%emt 0:08:08]} 24. Nxb3 {[%emt 0:00:33]} Qxb3 {
[%emt 0:05:31]} 25. Bxf6 {[%emt 0:00:05]} Nxf6 {[%emt 0:00:30]} 26. e7 {
[%emt 0:00:04]} Re8 {[%emt 0:08:01]} 27. Rxf6 {[%emt 0:00:05]} Rc7 {[%emt 0:04:
57]} 28. Rf1 {[%emt 0:05:34]} Rcxe7 {[%emt 0:02:12]} 29. Rxe7 {[%emt 0:00:09]}
Rxe7 {[%emt 0:00:03]} 30. Qc8+ {[%emt 0:00:10]} Kh7 {[%emt 0:00:05]} 31. Qf5+ {
[%emt 0:02:20]} g6 {[%emt 0:00:17]} 32. Qxa5 {[%emt 0:00:07]} Qxb2 {[%emt 0:01:
05]} 33. Qc5 {[%emt 0:00:54]} Qe2 {[%emt 0:00:48]} 34. h3 {[%emt 0:00:18]} Rd7
{[%emt 0:02:27]} 35. Qf8 {[%emt 0:01:09]} Qe3+ {[%emt 0:00:52]} 36. Kh1 {
[%emt 0:00:04]} Qe6 {[%emt 0:00:58]} 37. Qb4 {[%emt 0:00:46]} Kg7 {[%emt 0:00:
40]} 38. Qf4 {[%emt 0:00:23]} h5 {[%emt 0:01:18]} 39. Qg3 {[%emt 0:00:57]} Qe4
{[%emt 0:01:42]} 40. Qf4 {[%emt 0:00:25]} Qe6 {[%emt 0:00:34]} 41. Qg3 {
[%emt 0:30:02]} Rd5 {[%emt 0:08:43]} 42. Qc7 {[%emt 0:00:00]} Rd7 {[%emt 0:01:
14]} 43. Qg3 {[%emt 0:00:00]} Rd5 {[%emt 0:00:19]} 44. Qc7 {[%emt 0:00:00]} Rd7
{[%emt 0:00:13]} 1/2-1/2

[Event "23rd ETCC Women 2021"]
[Site "Catez"]
[Date "2021.11.19"]
[Round "7.2"]
[White "Lagno, Kateryna"]
[Black "Balajayeva, Khanim"]
[Result "1/2-1/2"]
[WhiteElo "2550"]
[BlackElo "2369"]
[Annotator "ChessBase"]
[PlyCount "109"]
[EventDate "2021.11.08"]
[EventType "team-tourn"]
[EventCountry "SLO"]
[SourceTitle "playchess.com"]
[Source "ChessBase"]
[SourceQuality "1"]
[WhiteTeam "Russia"]
[BlackTeam "Azerbaijan"]
[WhiteTeamCountry "RUS"]
[BlackTeamCountry "AZE"]
[TimeControl "40/5400+30:1800+30"]

1. e4 {[%emt 0:00:02]} e5 {[%emt 0:00:08]} 2. Nf3 {[%emt 0:00:11]} Nc6 {
[%emt 0:00:07]} 3. Bb5 {[%emt 0:00:09]} a6 {[%emt 0:00:12]} 4. Ba4 {[%emt 0:00:
07]} Nf6 {[%emt 0:00:03]} 5. O-O {[%emt 0:00:09]} Be7 {[%emt 0:00:15]} 6. d3 {
[%emt 0:00:13]} d6 {[%emt 0:00:34]} 7. c3 {[%emt 0:00:16]} O-O {[%emt 0:00:16]}
8. Re1 {[%emt 0:00:19]} b5 {[%emt 0:01:21]} 9. Bc2 {[%emt 0:00:12]} d5 {
[%emt 0:00:22]} 10. Nbd2 {[%emt 0:00:33]} dxe4 {[%emt 0:00:28]} 11. dxe4 {
[%emt 0:00:17]} Be6 {[%emt 0:00:35]} 12. Qe2 {[%emt 0:07:41]} Qc8 {[%emt 0:00:
45]} 13. a4 {[%emt 0:02:44]} Qb7 {[%emt 0:01:07]} 14. Bd3 {[%emt 0:09:23]} Rab8
{[%emt 0:04:56]} 15. Nf1 {[%emt 0:04:29]} h6 {[%emt 0:10:00]} 16. Ng3 {[%emt 0:
01:52]} Rfd8 {[%emt 0:06:40]} 17. axb5 {[%emt 0:10:45]} axb5 {[%emt 0:00:07]}
18. b4 {[%emt 0:02:42]} Bd6 {[%emt 0:09:34]} 19. Be3 {[%emt 0:08:40]} Ne7 {
[%emt 0:08:04]} 20. Ra5 {[%emt 0:05:13]} c6 {[%emt 0:00:45]} 21. Ra7 {[%emt 0:
07:26]} Qc8 {[%emt 0:00:08]} 22. Nxe5 {[%emt 0:04:18]} Bxe5 {[%emt 0:01:17]}
23. Rxe7 {[%emt 0:00:04]} Bxc3 {[%emt 0:04:06]} 24. Rc1 {[%emt 0:06:27]} Bxb4 {
[%emt 0:01:34]} 25. Ra7 {[%emt 0:00:09]} Ra8 {[%emt 0:04:23]} 26. Rxa8 {
[%emt 0:09:27]} Qxa8 {[%emt 0:00:04]} 27. Bb1 {[%emt 0:04:00]} Qa3 {[%emt 0:11:
00]} 28. h3 {[%emt 0:00:46]} Bc4 {[%emt 0:04:33]} 29. Qf3 {[%emt 0:07:44]} Bc5
{[%emt 0:00:54]} 30. Nf5 {[%emt 0:00:56]} Bxe3 {[%emt 0:12:35]} 31. Qxe3 {
[%emt 0:00:01]} Qxe3 {[%emt 0:04:35]} 32. Nxe3 {[%emt 0:00:02]} Rd4 {[%emt 0:
00:12]} 33. Nf5 {[%emt 0:02:17]} Rd7 {[%emt 0:01:06]} 34. e5 {[%emt 0:00:35]}
Nd5 {[%emt 0:01:51]} 35. Nd6 {[%emt 0:00:10]} Re7 {[%emt 0:01:58]} 36. Nxc4 {
[%emt 0:01:13]} bxc4 {[%emt 0:00:04]} 37. Rxc4 {[%emt 0:02:19]} Rxe5 {[%emt 0:
00:04]} 38. Be4 {[%emt 0:00:45]} Re6 {[%emt 0:03:12]} 39. Bxd5 {[%emt 0:01:00]}
cxd5 {[%emt 0:00:16]} 40. Rc8+ {[%emt 0:00:14]} Kh7 {[%emt 0:00:03]} 41. Rd8 {
[%emt 0:31:14]} Re1+ {[%emt 0:35:17]} 42. Kh2 {[%emt 0:00:07]} Rd1 {[%emt 0:00:
01]} 43. Rd6 {[%emt 0:00:00]} g6 {[%emt 0:00:00]} 44. g4 {[%emt 0:00:00]} Kg7 {
[%emt 0:00:00]} 45. h4 {[%emt 0:00:00]} h5 {[%emt 0:00:00]} 46. gxh5 {[%emt 0:
00:00]} gxh5 {[%emt 0:00:00]} 47. Kg3 {[%emt 0:00:00]} f6 {[%emt 0:00:00]} 48.
Rd8 {[%emt 0:00:00]} Kg6 {[%emt 0:00:00]} 49. f3 {[%emt 0:00:00]} d4 {[%emt 0:
00:00]} 50. Kf4 {[%emt 0:00:00]} Rh1 {[%emt 0:00:00]} 51. Kg3 {[%emt 0:00:00]}
Rd1 {[%emt 0:00:00]} 52. Kf4 {[%emt 0:00:00]} d3 {[%emt 0:00:00]} 53. Ke3 {
[%emt 0:00:00]} Rh1 {[%emt 0:00:00]} 54. Rd4 {[%emt 0:00:00]} Rh3 {[%emt 0:00:
00]} 55. Rf4 {[%emt 0:00:00]} 1/2-1/2

[Event "23rd ETCC Women 2021"]
[Site "Catez"]
[Date "2021.11.19"]
[Round "7.4"]
[White "Shuvalova, Polina"]
[Black "Beydullayeva, Govhar"]
[Result "1-0"]
[WhiteElo "2515"]
[BlackElo "2278"]
[Annotator "ChessBase"]
[PlyCount "77"]
[EventDate "2021.11.08"]
[EventType "team-tourn"]
[EventCountry "SLO"]
[SourceTitle "playchess.com"]
[Source "ChessBase"]
[SourceQuality "1"]
[WhiteTeam "Russia"]
[BlackTeam "Azerbaijan"]
[WhiteTeamCountry "RUS"]
[BlackTeamCountry "AZE"]
[TimeControl "40/5400+30:1800+30"]

1. e4 {[%emt 0:00:05]} c5 {[%emt 0:00:09]} 2. Nf3 {[%emt 0:00:13]} d6 {[%emt 0:
00:06]} 3. d4 {[%emt 0:00:07]} cxd4 {[%emt 0:00:05]} 4. Nxd4 {[%emt 0:00:03]}
Nf6 {[%emt 0:00:03]} 5. Nc3 {[%emt 0:00:09]} a6 {[%emt 0:00:05]} 6. Be2 {
[%emt 0:00:09]} e5 {[%emt 0:00:13]} 7. Nb3 {[%emt 0:00:08]} Be7 {[%emt 0:00:04]
} 8. Be3 {[%emt 0:00:17]} Be6 {[%emt 0:04:04]} 9. Nd5 {[%emt 0:00:09]} Nxd5 {
[%emt 0:05:06]} 10. exd5 {[%emt 0:00:24]} Bf5 {[%emt 0:00:02]} 11. Qd2 {
[%emt 0:00:16]} Nd7 {[%emt 0:00:28]} 12. Na5 {[%emt 0:01:29]} Qc7 {[%emt 0:03:
23]} 13. c4 {[%emt 0:00:54]} O-O {[%emt 0:01:59]} 14. O-O {[%emt 0:02:51]} Bg6
{[%emt 0:02:32]} 15. b4 {[%emt 0:04:20]} f5 {[%emt 0:05:15]} 16. f4 {[%emt 0:
01:08]} Nf6 {[%emt 0:07:48]} 17. fxe5 {[%emt 0:11:45]} dxe5 {[%emt 0:07:37]}
18. c5 {[%emt 0:00:54]} f4 {[%emt 0:04:59]} 19. Bf2 {[%emt 0:01:04]} Ne4 {
[%emt 0:02:35]} 20. Qe1 {[%emt 0:01:25]} Bf6 {[%emt 0:03:53]} 21. d6 {[%emt 0:
01:09]} Qd7 {[%emt 0:01:12]} 22. Rd1 {[%emt 0:21:25]} Rae8 {[%emt 0:08:00]} 23.
Kh1 {[%emt 0:09:30]} Bd8 {[%emt 0:05:22]} 24. Bh4 {[%emt 0:12:46]} Bxh4 {
[%emt 0:09:21]} 25. Qxh4 {[%emt 0:00:16]} Bf5 {[%emt 0:02:27]} 26. Bf3 {
[%emt 0:08:23]} Nc3 {[%emt 0:11:38]} 27. Bxb7 {[%emt 0:01:05]} Nxd1 {[%emt 0:
00:06]} 28. Bc6 {[%emt 0:04:32]} Qd8 {[%emt 0:06:05]} 29. Qxd8 {[%emt 0:00:12]}
Rxd8 {[%emt 0:00:11]} 30. Rxd1 {[%emt 0:00:07]} Kf7 {[%emt 0:00:56]} 31. Bb7 {
[%emt 0:02:37]} Bg4 {[%emt 0:02:07]} 32. Re1 {[%emt 0:03:21]} Kf6 {[%emt 0:01:
19]} 33. Kg1 {[%emt 0:06:24]} g5 {[%emt 0:05:20]} 34. Bxa6 {[%emt 0:00:57]} f3
{[%emt 0:00:07]} 35. gxf3 {[%emt 0:01:12]} Bxf3 {[%emt 0:00:03]} 36. Bb7 {
[%emt 0:00:13]} Ke6 {[%emt 0:01:21]} 37. Bxf3 {[%emt 0:01:37]} Rxf3 {[%emt 0:
00:02]} 38. Nc6 {[%emt 0:00:25]} Ra8 {[%emt 0:01:01]} 39. Nd4+ {[%emt 0:00:13]}
1-0

[Event "23rd ETCC Women 2021"]
[Site "Catez"]
[Date "2021.11.19"]
[Round "7.5"]
[White "Javakhishvili, Lela"]
[Black "Osmak, Iulija"]
[Result "1/2-1/2"]
[WhiteElo "2446"]
[BlackElo "2423"]
[Annotator "NA"]
[PlyCount "61"]
[EventDate "2021.11.08"]
[EventType "team-tourn"]
[EventCountry "SLO"]
[SourceTitle "playchess.com"]
[Source "ChessBase"]
[SourceQuality "1"]
[WhiteTeam "Georgia"]
[BlackTeam "Ukraine"]
[WhiteTeamCountry "GEO"]
[BlackTeamCountry "UKR"]
[TimeControl "40/5400+30:1800+30"]

1. d4 {[%emt 0:00:04]} d5 {[%emt 0:00:04]} 2. c4 {[%emt 0:00:08]} c6 {[%emt 0:
00:03]} 3. Nf3 {[%emt 0:00:15]} Nf6 {[%emt 0:00:08]} 4. Nc3 {[%emt 0:00:23]}
dxc4 {[%emt 0:00:27]} 5. a4 {[%emt 0:00:21]} Bf5 {[%emt 0:00:27]} 6. e3 {
[%emt 0:00:47]} e6 {[%emt 0:00:39]} 7. Bxc4 {[%emt 0:00:26]} Bb4 {[%emt 0:00:
33]} 8. O-O {[%emt 0:00:57]} Nbd7 {[%emt 0:04:01]} 9. Qe2 {[%emt 0:02:22]} O-O
{[%emt 0:00:26]} 10. e4 {[%emt 0:01:00]} Bg6 {[%emt 0:00:20]} 11. e5 {[%emt 0:
01:34]} Nd5 {[%emt 0:00:16]} 12. Nxd5 {[%emt 0:00:27]} cxd5 {[%emt 0:00:28]}
13. Bd3 {[%emt 0:00:25]} Bh5 {[%emt 0:01:05]} 14. Qe3 {[%emt 0:01:36]} Be7 {
[%emt 0:01:16]} 15. Bd2 {[%emt 0:01:58]} Nb8 {[%emt 0:02:46]} 16. Ne1 {[%emt 0:
00:40]} Nc6 {[%emt 0:01:35]} 17. Nc2 {[%emt 0:01:16]} Bg6 {[%emt 0:00:48]} 18.
f4 {[%emt 0:02:45]} Qb6 {[%emt 0:02:39]} 19. Bc3 {[%emt 0:03:04]} Bxd3 {
[%emt 0:01:39]} 20. Qxd3 {[%emt 0:00:11]} a5 {[%emt 0:02:04]} 21. Kh1 {[%emt 0:
01:49]} f5 {[%emt 0:00:34]} 22. exf6 {[%emt 0:01:07]} Bxf6 {[%emt 0:01:02]} 23.
Qe3 {[%emt 0:02:43]} Rae8 {[%emt 0:00:31]} 24. Rfe1 {[%emt 0:01:13]} Qc7 {
[%emt 0:02:02]} 25. Re2 {[%emt 0:02:17]} Qf7 {[%emt 0:01:06]} 26. Rf1 {[%emt 0:
01:21]} Qg6 {[%emt 0:01:47]} 27. Qd2 {[%emt 0:02:42]} Qh5 {[%emt 0:01:10]} 28.
Ne3 {[%emt 0:04:04]} Qg6 {[%emt 0:03:14]} 29. Ree1 {[%emt 0:00:26]} Bd8 {
[%emt 0:00:38]} 30. Qc2 {[%emt 0:00:49]} Qxc2 {[%emt 0:00:26]} 31. Nxc2 {
[%emt 0:00:15]} 1/2-1/2

[Event "23rd ETCC Women 2021"]
[Site "Catez"]
[Date "2021.11.19"]
[Round "7.6"]
[White "Buksa, Nataliya"]
[Black "Arabidze, Meri"]
[Result "1/2-1/2"]
[WhiteElo "2410"]
[BlackElo "2441"]
[Annotator "NA"]
[PlyCount "60"]
[EventDate "2021.11.08"]
[EventType "team-tourn"]
[EventCountry "SLO"]
[SourceTitle "playchess.com"]
[Source "ChessBase"]
[SourceQuality "1"]
[WhiteTeam "Ukraine"]
[BlackTeam "Georgia"]
[WhiteTeamCountry "UKR"]
[BlackTeamCountry "GEO"]
[TimeControl "40/5400+30:1800+30"]

1. e4 {[%emt 0:00:02]} e5 {[%emt 0:00:06]} 2. Nf3 {[%emt 0:00:05]} Nf6 {
[%emt 0:00:11]} 3. Nxe5 {[%emt 0:01:00]} d6 {[%emt 0:00:19]} 4. Nf3 {[%emt 0:
00:04]} Nxe4 {[%emt 0:00:11]} 5. Qe2 {[%emt 0:00:21]} Qe7 {[%emt 0:00:12]} 6.
d3 {[%emt 0:00:15]} Nf6 {[%emt 0:00:39]} 7. Nc3 {[%emt 0:00:04]} c6 {[%emt 0:
00:59]} 8. d4 {[%emt 0:04:53]} Qxe2+ {[%emt 0:02:13]} 9. Bxe2 {[%emt 0:00:24]}
d5 {[%emt 0:00:27]} 10. Bf4 {[%emt 0:01:03]} Bf5 {[%emt 0:00:52]} 11. O-O-O {
[%emt 0:00:06]} Bb4 {[%emt 0:01:28]} 12. Bd3 {[%emt 0:03:43]} Bxd3 {[%emt 0:00:
06]} 13. Rxd3 {[%emt 0:00:03]} O-O {[%emt 0:00:30]} 14. Nd1 {[%emt 0:01:01]}
Ne4 {[%emt 0:01:34]} 15. c3 {[%emt 0:00:07]} Bd6 {[%emt 0:00:30]} 16. Bxd6 {
[%emt 0:04:54]} Nxd6 {[%emt 0:00:02]} 17. Re3 {[%emt 0:00:06]} Na6 {[%emt 0:00:
52]} 18. Re7 {[%emt 0:02:21]} Rfe8 {[%emt 0:01:22]} 19. Rhe1 {[%emt 0:00:38]}
Kf8 {[%emt 0:01:52]} 20. Rxe8+ {[%emt 0:03:56]} Rxe8 {[%emt 0:00:29]} 21. Rxe8+
{[%emt 0:00:03]} Kxe8 {[%emt 0:00:06]} 22. Ne3 {[%emt 0:00:03]} Nc7 {[%emt 0:
01:33]} 23. Kd2 {[%emt 0:01:05]} Ne6 {[%emt 0:01:18]} 24. Ne5 {[%emt 0:00:05]}
f6 {[%emt 0:00:36]} 25. Nd3 {[%emt 0:00:05]} Ne4+ {[%emt 0:00:39]} 26. Ke2 {
[%emt 0:00:51]} Nd6 {[%emt 0:00:24]} 27. Kd2 {[%emt 0:01:56]} Ne4+ {[%emt 0:01:
45]} 28. Ke2 {[%emt 0:02:41]} Nd6 {[%emt 0:00:21]} 29. Kd2 {[%emt 0:00:37]}
Ne4+ {[%emt 0:00:17]} 30. Ke2 {[%emt 0:00:19]} Nd6 {[%emt 0:00:17]} 1/2-1/2

[Event "23rd ETCC Women 2021"]
[Site "Catez"]
[Date "2021.11.19"]
[Round "7.7"]
[White "Melia, Salome"]
[Black "Gaponenko, Inna"]
[Result "1/2-1/2"]
[WhiteElo "2371"]
[BlackElo "2339"]
[Annotator "NA"]
[PlyCount "61"]
[EventDate "2021.11.08"]
[EventType "team-tourn"]
[EventCountry "SLO"]
[SourceTitle "playchess.com"]
[Source "ChessBase"]
[SourceQuality "1"]
[WhiteTeam "Georgia"]
[BlackTeam "Ukraine"]
[WhiteTeamCountry "GEO"]
[BlackTeamCountry "UKR"]
[TimeControl "40/5400+30:1800+30"]

1. e4 {[%emt 0:00:04]} c5 {[%emt 0:00:09]} 2. Nf3 {[%emt 0:00:14]} Nc6 {
[%emt 0:00:14]} 3. d4 {[%emt 0:00:55]} cxd4 {[%emt 0:04:41]} 4. Nxd4 {[%emt 0:
01:41]} g6 {[%emt 0:00:04]} 5. c4 {[%emt 0:01:30]} Nf6 {[%emt 0:09:46]} 6. Nc3
{[%emt 0:00:25]} d6 {[%emt 0:00:09]} 7. Be2 {[%emt 0:02:30]} Nxd4 {[%emt 0:00:
17]} 8. Qxd4 {[%emt 0:00:16]} Bg7 {[%emt 0:00:02]} 9. Be3 {[%emt 0:01:12]} O-O
{[%emt 0:00:10]} 10. Qd2 {[%emt 0:00:12]} Be6 {[%emt 0:12:27]} 11. Rc1 {
[%emt 0:05:12]} a5 {[%emt 0:04:54]} 12. f3 {[%emt 0:01:50]} a4 {[%emt 0:03:19]}
13. Rc2 {[%emt 0:00:34]} Qa5 {[%emt 0:01:50]} 14. Nd5 {[%emt 0:00:52]} Nxd5 {
[%emt 0:04:53]} 15. cxd5 {[%emt 0:00:21]} Rfc8 {[%emt 0:01:03]} 16. Qxa5 {
[%emt 0:01:22]} Rxa5 {[%emt 0:00:08]} 17. Kd2 {[%emt 0:00:43]} Rxc2+ {[%emt 0:
01:57]} 18. Kxc2 {[%emt 0:00:07]} Bd7 {[%emt 0:00:04]} 19. Kb1 {[%emt 0:00:44]}
e6 {[%emt 0:05:42]} 20. dxe6 {[%emt 0:03:40]} fxe6 {[%emt 0:00:49]} 21. Rd1 {
[%emt 0:01:41]} Bb5 {[%emt 0:01:08]} 22. Bxb5 {[%emt 0:00:59]} Rxb5 {[%emt 0:
00:05]} 23. Bd4 {[%emt 0:00:32]} d5 {[%emt 0:01:23]} 24. Bxg7 {[%emt 0:01:56]}
Kxg7 {[%emt 0:00:05]} 25. exd5 {[%emt 0:00:15]} exd5 {[%emt 0:01:33]} 26. Rd4 {
[%emt 0:00:51]} a3 {[%emt 0:00:53]} 27. b3 {[%emt 0:00:08]} Kf6 {[%emt 0:01:43]
} 28. Kc2 {[%emt 0:04:27]} Rc5+ {[%emt 0:01:26]} 29. Kd2 {[%emt 0:00:07]} b5 {
[%emt 0:00:28]} 30. Rf4+ {[%emt 0:00:28]} Ke6 {[%emt 0:00:18]} 31. h4 {[%emt 0:
00:40]} 1/2-1/2

[Event "23rd ETCC Women 2021"]
[Site "Catez"]
[Date "2021.11.19"]
[Round "7.8"]
[White "Zhukova, Natalia"]
[Black "Gvetadze, Sofio"]
[Result "1/2-1/2"]
[WhiteElo "2331"]
[BlackElo "2302"]
[Annotator "NA"]
[PlyCount "62"]
[EventDate "2021.11.08"]
[EventType "team-tourn"]
[EventCountry "SLO"]
[SourceTitle "playchess.com"]
[Source "ChessBase"]
[SourceQuality "1"]
[WhiteTeam "Ukraine"]
[BlackTeam "Georgia"]
[WhiteTeamCountry "UKR"]
[BlackTeamCountry "GEO"]
[TimeControl "40/5400+30:1800+30"]

1. c4 {[%emt 0:00:04]} e6 {[%emt 0:00:14]} 2. Nc3 {[%emt 0:00:12]} d5 {[%emt 0:
00:13]} 3. d4 {[%emt 0:00:10]} Be7 {[%emt 0:00:23]} 4. Nf3 {[%emt 0:00:13]} Nf6
{[%emt 0:03:25]} 5. Bg5 {[%emt 0:00:21]} h6 {[%emt 0:00:34]} 6. Bh4 {[%emt 0:
00:22]} O-O {[%emt 0:00:40]} 7. e3 {[%emt 0:00:20]} Ne4 {[%emt 0:00:43]} 8.
Bxe7 {[%emt 0:00:19]} Qxe7 {[%emt 0:00:08]} 9. cxd5 {[%emt 0:00:56]} Nxc3 {
[%emt 0:00:18]} 10. bxc3 {[%emt 0:00:07]} exd5 {[%emt 0:00:09]} 11. Bd3 {
[%emt 0:00:25]} Be6 {[%emt 0:01:14]} 12. O-O {[%emt 0:00:26]} Nd7 {[%emt 0:00:
59]} 13. Qb3 {[%emt 0:00:46]} Rab8 {[%emt 0:02:09]} 14. a4 {[%emt 0:01:04]} c5
{[%emt 0:02:18]} 15. c4 {[%emt 0:04:53]} dxc4 {[%emt 0:04:32]} 16. Bxc4 {
[%emt 0:00:11]} Bxc4 {[%emt 0:00:59]} 17. Qxc4 {[%emt 0:00:07]} cxd4 {[%emt 0:
01:56]} 18. Nxd4 {[%emt 0:01:29]} Rfc8 {[%emt 0:04:38]} 19. Qb3 {[%emt 0:00:27]
} Nc5 {[%emt 0:00:43]} 20. Qb2 {[%emt 0:00:40]} Ne6 {[%emt 0:00:45]} 21. Nxe6 {
[%emt 0:01:49]} Qxe6 {[%emt 0:00:15]} 22. Rfc1 {[%emt 0:00:18]} b6 {[%emt 0:03:
18]} 23. h3 {[%emt 0:01:21]} Rc6 {[%emt 0:01:27]} 24. Rxc6 {[%emt 0:01:14]}
Qxc6 {[%emt 0:00:06]} 25. Qb5 {[%emt 0:00:24]} Rc8 {[%emt 0:00:39]} 26. Qxc6 {
[%emt 0:01:38]} Rxc6 {[%emt 0:00:07]} 27. Rd1 {[%emt 0:00:24]} Rc4 {[%emt 0:03:
17]} 28. a5 {[%emt 0:00:35]} bxa5 {[%emt 0:00:31]} 29. Rd8+ {[%emt 0:00:13]}
Kh7 {[%emt 0:00:05]} 30. Rd7 {[%emt 0:00:06]} Kg6 {[%emt 0:00:44]} 31. Rxa7 {
[%emt 0:00:17]} a4 {[%emt 0:00:16]} 1/2-1/2

[Event "23rd ETCC Women 2021"]
[Site "Catez"]
[Date "2021.11.19"]
[Round "7.9"]
[White "Zaksaite, Salomeja"]
[Black "Tsolakidou, Stavroula"]
[Result "0-1"]
[WhiteElo "2250"]
[BlackElo "2377"]
[Annotator "NA"]
[PlyCount "88"]
[EventDate "2021.11.08"]
[EventType "team-tourn"]
[EventCountry "SLO"]
[SourceTitle "playchess.com"]
[Source "ChessBase"]
[SourceQuality "1"]
[WhiteTeam "Lithuania"]
[BlackTeam "Greece"]
[WhiteTeamCountry "LTU"]
[BlackTeamCountry "GRE"]
[TimeControl "40/5400+30:1800+30"]

1. e4 {[%emt 0:00:02]} c5 {[%emt 0:00:09]} 2. Nf3 {[%emt 0:00:23]} d6 {[%emt 0:
00:15]} 3. Bb5+ {[%emt 0:00:20]} Nd7 {[%emt 0:00:16]} 4. d4 {[%emt 0:00:07]}
cxd4 {[%emt 0:01:59]} 5. Qxd4 {[%emt 0:02:01]} a6 {[%emt 0:01:06]} 6. Bxd7+ {
[%emt 0:00:38]} Bxd7 {[%emt 0:00:05]} 7. Nc3 {[%emt 0:00:10]} e5 {[%emt 0:02:
15]} 8. Qd3 {[%emt 0:00:08]} Rc8 {[%emt 0:00:52]} 9. a4 {[%emt 0:00:54]} Qc7 {
[%emt 0:02:38]} 10. O-O {[%emt 0:00:43]} Be6 {[%emt 0:12:39]} 11. Rd1 {[%emt 0:
04:47]} h6 {[%emt 0:05:17]} 12. Ne1 {[%emt 0:03:04]} Nf6 {[%emt 0:04:59]} 13.
Nd5 {[%emt 0:01:54]} Nxd5 {[%emt 0:02:14]} 14. exd5 {[%emt 0:02:34]} Bg4 {
[%emt 0:00:15]} 15. f3 {[%emt 0:01:47]} Bh5 {[%emt 0:00:53]} 16. Be3 {[%emt 0:
06:46]} Be7 {[%emt 0:01:17]} 17. c4 {[%emt 0:01:19]} Qxc4 {[%emt 0:18:31]} 18.
Qd2 {[%emt 0:32:08]} Qc7 {[%emt 0:10:50]} 19. Rac1 {[%emt 0:03:56]} Qd7 {
[%emt 0:01:28]} 20. Rxc8+ {[%emt 0:01:32]} Qxc8 {[%emt 0:00:04]} 21. Rc1 {
[%emt 0:01:46]} Qd7 {[%emt 0:00:28]} 22. Qc3 {[%emt 0:04:23]} Bd8 {[%emt 0:06:
40]} 23. f4 {[%emt 0:03:48]} f6 {[%emt 0:00:10]} 24. b3 {[%emt 0:09:42]} O-O {
[%emt 0:00:24]} 25. Nc2 {[%emt 0:02:20]} Qf5 {[%emt 0:03:31]} 26. fxe5 {
[%emt 0:00:57]} fxe5 {[%emt 0:00:38]} 27. Qc4 {[%emt 0:09:23]} Bg6 {[%emt 0:02:
07]} 28. h3 {[%emt 0:00:48]} Ba5 {[%emt 0:07:03]} 29. b4 {[%emt 0:00:11]} Rc8 {
[%emt 0:02:13]} 30. Qe2 {[%emt 0:01:21]} Rxc2 {[%emt 0:04:19]} 31. Rxc2 {
[%emt 0:00:09]} Qxc2 {[%emt 0:00:04]} 32. Qxc2 {[%emt 0:00:14]} Bxc2 {[%emt 0:
00:04]} 33. bxa5 {[%emt 0:00:04]} Bxa4 {[%emt 0:00:06]} 34. g4 {[%emt 0:06:03]}
Bb3 {[%emt 0:00:54]} 35. g5 {[%emt 0:00:04]} h5 {[%emt 0:01:21]} 36. Kf2 {
[%emt 0:00:51]} Bxd5 {[%emt 0:00:08]} 37. h4 {[%emt 0:00:29]} g6 {[%emt 0:00:
03]} 38. Bb6 {[%emt 0:00:07]} Kf7 {[%emt 0:00:04]} 39. Ke3 {[%emt 0:00:37]} Ke6
{[%emt 0:00:05]} 40. Kd3 {[%emt 0:00:47]} Bc6 {[%emt 0:00:18]} 41. Bf2 {
[%emt 0:10:57]} d5 {[%emt 0:00:11]} 42. Kc3 {[%emt 0:00:13]} d4+ {[%emt 0:00:
57]} 43. Kc4 {[%emt 0:00:05]} Kd6 {[%emt 0:00:04]} 44. Kb4 {[%emt 0:03:36]} Kd5
{[%emt 0:00:04]} 0-1